00511nam a2200157Ia 4500008004100000082001500041100002200056245003500078260004600113300001000159630001800169650002700187942000900214952011300223999001700336211109s9999||||xx |||||||||||||| ||und|| a580bSIN-B aSinnott, Edmund W 0aBotany Principles and Problems bMc Graw-Hill Book CompanyaNew Yorkc1946 a726p. xGeneral Stack aplantsvBotanyxBotany cBOOK 00104070aSBCLbSBCLc2d2021-11-09g200.00l0o580 SIN-Bp00015986r2021-11-09 00:00:00w2021-11-09yBOOK c15379d15379